| 000 | 00829na a2200217 4500 | ||
|---|---|---|---|
| 001 | 22573 | ||
| 003 | MIRAKIL | ||
| 005 | 20181213155053.0 | ||
| 008 | 170217b tu 000 0 | ||
| 040 |
_aMilas _btur _cTR-AnCHP |
||
| 041 | _atur | ||
| 082 |
_aCHP 307.76 _bÇ31i 2010 |
||
| 090 | _aCHP 307.76 Ç31i 2010 | ||
| 100 | _aÇeçen, Haluk | ||
| 245 |
_aİstanbul için sürdürülebilir kentsel dönüşüm seferberliği _b[proje özeti] _cHaluk Çeçen |
||
| 300 |
_ayklş. 100 s. _btbl. ; şkl. _c30 sm. |
||
| 500 | _aArka kapakta bilgi : İstanbul için sürdürülebilir kentsel dönüşüm süreçlerinin uygulayıcı ve yönlendirci paydaşlarına yeni bir çağrı (Kasım 2013) | ||
| 650 |
_aKentsel dönüşüm _xProjeler _zİstanbul |
||
| 942 |
_2ddc _cBKS |
||
| 999 |
_c6003 _d6003 |
||